LEADER 00919nam a2200277 i 4500 001 991001244369707536 005 20020507113338.0 008 970308s1974 uk ||| | eng 035 $ab10193662-39ule_inst 035 $aLE00644559$9ExL 040 $aDip.to Fisica$bita 084 $a52.9.521 084 $a525.7'5 084 $aQB528 100 1 $aBray, R.J.$0347947 245 14$aThe solar chromosphere /$cR.J. Bray and R.E. Laughhead 260 $aLondon :$bChapman and Hall,$c1974 300 $axix, 384 p. :$bill. ;$c24 cm. 650 4$aSolar chromosphere 700 1 $aLaughhead, R.E. 907 $a.b10193662$b21-09-06$c27-06-02 912 $a991001244369707536 945 $aLE006 52.9.52+52.9.56 BRA$g1$i2006000028059$lle006$o-$pE0.00$q-$rl$s- $t0$u0$v0$w0$x0$y.i10238876$z27-06-02 996 $aSolar chromosphere$9191678 997 $aUNISALENTO 998 $ale006$b01-01-97$cm$da $e-$feng$guk $h4$i1 LEADER 01331nam 2200373 450 001 9910822295903321 010 $a3-8382-6103-8 035 $a(CKB)4100000008340241 035 $a(MiAaPQ)EBC5782537 035 $a(EXLCZ)994100000008340241 100 $a20190611d2012 uy 0 101 0 $ager 135 $aurcnu|||||||| 181 $ctxt$2rdacontent 182 $cc$2rdamedia 183 $acr$2rdacarrier 200 14$aDie postsowjetische Transformation im Baltikum und Su?dkaukasus $eEine vergleichende Untersuchung der politischen Entwicklung Lettlands und Aserbaidschans 1985-2009 /$fKamran Musayev ; Mit einem Vorwort von Leonid Luks ; Ediert von Sandro Henschel 210 1$aStuttgart :$cIbidem-Verlag,$d2012. 215 $a1 online resource (149 pages) 225 1 $aSoviet and post-Soviet politics and society ;$v97 410 0$aSoviet and post-Soviet politics and society ;$v97. 606 $aDemocratization$zAzerbaijan 615 0$aDemocratization 676 $a320.94754 700 $aMusayev$b Kamran$01688316 702 $aLuks$b Leonid 702 $aHenschel$b Sandro 801 0$bMiAaPQ 801 1$bMiAaPQ 801 2$bMiAaPQ 906 $aBOOK 912 $a9910822295903321 996 $aDie postsowjetische Transformation im Baltikum und Su?dkaukasus$94062448 997 $aUNINA